[Event "Aeroflot Open A 2018"]
[Site "Moscow RUS"]
[Date "2018.02.28"]
[Round "9.35"]
[White "Nihal, Sarin"]
[Black "Sorokin, Aleksey"]
[Result "0-1"]
[WhiteTitle "IM"]
[BlackTitle "FM"]
[WhiteElo "2532"]
[BlackElo "2511"]
[WhiteFideId "25092340"]
[BlackFideId "24176460"]
[EventDate "2018.02.20"]

1. d4 Nf6 2. Bf4 d5 3. e3 c5 4. Nf3 Nc6 5. Nbd2 e6 6. c3 cxd4 7. exd4 Nh5 8. Be3
Bd6 9. g3 O-O 10. Bd3 f5 11. Ne5 Nf6 12. f4 Bd7 13. Nxd7 Qxd7 14. Be2 Na5 15. a4
a6 16. O-O b5 17. axb5 axb5 18. b4 Nc4 19. Nxc4 bxc4 20. Qc2 Qb7 21. Qb2 Kf7 22.
Rfb1 Ke7 23. Bf3 Ne4 24. Rxa8 Rxa8 25. Ra1 Ra6 26. Kf1 Qa7 27. Rxa6 Qxa6 28. Ke1
Kd7 29. Bd2 Kc6 30. Bd1 Kb5 31. Ke2 Qa7 32. Bc2 h5 33. Bc1 h4 34. Bxe4 fxe4 35.
Qa3 Qxa3 36. Bxa3 Ka4 37. Bc1 hxg3 38. hxg3 Bxb4 39. cxb4 Kxb4 40. g4 g6 41.
Bd2+ c3 42. Be3 Kb3 43. Kd1 Kb2 44. Bc1+ Kb1 45. Ba3 c2+ 46. Kd2 e3+ 0-1

[Event "Aeroflot Open A 2018"]
[Site "Moscow RUS"]
[Date "2018.02.28"]
[Round "9.37"]
[White "Sychev, Klementy"]
[Black "Iniyan, P"]
[Result "1-0"]
[WhiteTitle "IM"]
[BlackTitle "IM"]
[WhiteElo "2529"]
[BlackElo "2460"]
[WhiteFideId "4114060"]
[BlackFideId "25002767"]
[EventDate "2018.02.20"]

1. e4 c5 2. Nf3 d6 3. Nc3 a6 4. d4 cxd4 5. Nxd4 e6 6. Be2 Qc7 7. O-O b5 8. Re1
b4 9. Na4 Nf6 10. Bf3 Bb7 11. a3 bxa3 12. Rxa3 Nfd7 13. Rc3 Qa5 14. Rb3 Qc7 15.
e5 Bxf3 16. Qxf3 d5 17. Rc3 Qd8 18. Qg4 h5 19. Qg3 Bb4 20. Nxe6 Bxc3 21. Nxd8
Bxe1 22. Qxg7 Rf8 23. Nb7 Bb4 24. e6 fxe6 25. Qg6+ Rf7 26. Qxe6+ Re7 27. Qg6+
Rf7 28. Bg5 Ne5 29. Qe6+ Kf8 30. Qxe5 Rxb7 31. Bh6+ 1-0

[Event "Aeroflot Open A 2018"]
[Site "Moscow RUS"]
[Date "2018.02.28"]
[Round "9.38"]
[White "Martirosyan, Haik M."]
[Black "Golubov, Saveliy"]
[Result "1/2-1/2"]
[WhiteTitle "GM"]
[BlackTitle "IM"]
[WhiteElo "2586"]
[BlackElo "2492"]
[WhiteFideId "13306553"]
[BlackFideId "24176729"]
[EventDate "2018.02.20"]

1. d4 Nf6 2. c4 g6 3. Nc3 Bg7 4. e4 O-O 5. Nf3 d6 6. h3 e5 7. d5 a5 8. g4 Na6 9.
Be3 Nd7 10. a3 Nb6 11. Rg1 Bd7 12. Nd2 a4 13. Qc2 Nc5 14. O-O-O c6 15. Kb1 cxd5
16. cxd5 Rc8 17. h4 Na8 18. h5 Qa5 19. Nc4 Qc7 20. Nd2 Qa5 21. Nc4 Qc7 22. Nd2 1/2-1/2

[Event "Aeroflot Open A 2018"]
[Site "Moscow RUS"]
[Date "2018.02.28"]
[Round "9.39"]
[White "Vavulin, Maksim"]
[Black "Belyakov, Bogdan"]
[Result "1/2-1/2"]
[WhiteTitle "IM"]
[BlackTitle "IM"]
[WhiteElo "2575"]
[BlackElo "2486"]
[WhiteFideId "4169530"]
[BlackFideId "24104795"]
[EventDate "2018.02.20"]

1. e4 e5 2. Nf3 Nc6 3. d4 exd4 4. Nxd4 Nf6 5. Nxc6 bxc6 6. e5 Qe7 7. Qe2 Nd5 8.
c4 Ba6 9. b3 g6 10. Ba3 Nb4 11. Bb2 Bg7 12. f4 O-O 13. Qd2 Bb7 14. Be2 c5 15.
O-O f6 16. Nc3 fxe5 17. a3 Nc6 18. Bf3 Rab8 19. Rae1 Kh8 20. Nb5 Rxf4 21. Nxc7
Rff8 22. Nb5 a6 23. Nd6 Nd4 24. Nxb7 Nxf3+ 25. Rxf3 Rxf3 26. gxf3 Rxb7 27. Qd5
d6 28. b4 h5 29. Bc3 cxb4 30. Bxb4 Rb6 31. Rd1 Kh7 32. Kh1 Qh4 33. Qf7 Rc6 34.
Rg1 Qf6 35. Qd5 Rb6 36. Rf1 Qf4 37. Qd3 Rc6 38. Rg1 Qf7 39. Qd5 Qxd5 40. cxd5
Rc4 41. Bxd6 Rd4 42. Rc1 Rxd5 43. Rc6 a5 44. Ra6 g5 45. Bc7 Bf8 46. Rxa5 Rxa5
47. Bxa5 Bxa3 48. h3 Kg6 49. Kg2 Kf5 50. Bd2 Be7 51. Kf2 Ke6 52. Ke2 Kd5 53. Be3
e4 1/2-1/2

[Event "Aeroflot Open A 2018"]
[Site "Moscow RUS"]
[Date "2018.02.28"]
[Round "9.40"]
[White "Karavade, Eesha"]
[Black "Triapishko, Alexandr"]
[Result "1-0"]
[WhiteTitle "IM"]
[BlackTitle "IM"]
[WhiteElo "2386"]
[BlackElo "2530"]
[WhiteFideId "5012600"]
[BlackFideId "14122286"]
[EventDate "2018.02.20"]

1. e4 c6 2. c4 d5 3. exd5 cxd5 4. cxd5 Nf6 5. Nc3 g6 6. Nf3 Bg7 7. Bc4 O-O 8.
O-O Na6 9. d4 Nc7 10. Qb3 a6 11. a4 b5 12. axb5 axb5 13. Rxa8 bxc4 14. Qa3 Nxa8
15. Qxa8 e6 16. dxe6 Bxe6 17. Qxd8 Rxd8 18. Bf4 Nd5 19. Nxd5 Bxd5 20. Rc1 f6 21.
Nd2 Bf7 22. Be3 f5 23. Nf3 Rb8 24. Rc2 Bd5 25. Ne5 Bxe5 26. dxe5 Kf7 27. h4 Ke6
28. Bd4 f4 29. f3 h6 30. Kf2 Ra8 31. Rc1 Kf5 32. Bc3 Ke6 33. Rd1 Rf8 34. Ra1 Ra8
35. Rg1 Kf5 36. Rd1 Ke6 37. Re1 Rf8 38. Rg1 Bb7 39. g3 g5 40. hxg5 hxg5 41. gxf4
Rxf4 42. Rxg5 Rxf3+ 43. Ke2 Rf5 44. Rg6+ Kf7 45. Rd6 Bc8 46. Ke3 Be6 47. Rb6 Rf1
48. Rb7+ Kg6 49. Re7 Kf5 50. Re8 Bf7 51. Rf8 Ke6 52. Rd8 Kf5 53. Rf8 Ke6 54. Kd4
Rh1 55. Kc5 Rh6 56. Rd8 Ke7 57. Ra8 Kd7 58. Ra7+ Ke8 59. Bb4 Re6 60. Kd4 Rb6 61.
Bd6 Rb3 62. Re7+ Kf8 63. e6 Bg6 64. Kxc4 Re3 65. Rb7+ Kg8 66. Rb8+ Kg7 67. e7
Kf6 68. b4 Bf7+ 69. Kc5 Re4 70. Kc6 Rc4+ 71. Kd7 Be6+ 72. Kd8 1-0